00844 2200277 4500001002100000005001500021035002000036007000300056008004100059020002200100040002200122082001700144084001900161090002200180100002600202245007400228300004600302650003500348850001200383041000800395264006900403336002100472337003000493338002300523990002000546INLIS00000000084789720190620090551 a0010-0519001232ta190528b yoia g ind d a978-602-7858-01-5 aYOPDYOGbinderda04223a899.2213 a899.2213 WIN a aPK 899.2213 WIN a0 aWinda Irianiepenulis10aAnak kuli jadi Insinyur :bnothing isimpossible forus /cWinda Iriani a143 halaman :bilustrasi, gambar ;c19 cm 4aBiografi (dalam bentuk sastra) aYOPDYOG0 aind34aYogyakarta :bSmart Writing,ctahun terbit tidak teridentifikasi 2rdacontentateks 2rdamediaatanpa perantara 2rdacarrieravolume a63417-PD/A.2019